01160cam a2200325 a 45000010008000000030004000080050017000120080041000290100017000700400018000870430021001050500024001260820020001501000022001702450085001922600043002773000054003204900032003745000027004066500043004336500033004766500042005096500035005516510052005868300029006389060045006679420012007129990015007249520095007392336653OSt20230619102636.0820223s1981 ru abf 000 0 eng  a 82121191  aDLCcDLCdDLC ae-ur---an-us---00aPN5277.R5bB66 198100a070.43219bBON1 aBonosky, Phillip.10aAre our Moscow reporters giving us the facts about the USSR? /cPhillip Bonosky. aMoscow :bProgress Publishers,cc1981. a261 p., [52] p. of plates :bill., maps ;c21 cm.1 aImpressions of the U.S.S.R. aMaps on lining papers. 0aReporters and reportingzSoviet Union. 0aForeign newszUnited States. 0aForeign correspondentszSoviet Union. 0aPublic opinionzUnited States. 0aSoviet UnionxForeign public opinion, American. 0aImpressions of the USSR. a7bcbccorignewd3encipf19gy-gencatlg 2ddccBK c1199d1199 00102ddc4070a002b002d2023-06-19l0o070.43 BONp10000409r2023-06-19w2023-06-19yBK